Piłkarska kariera Achrafa Hakimiego. - Statystyki

Ogólne statystyki
  • Ten quiz został rozwiązany 112 razy
  • Średni wynik to 5 z 6
Statystyki odpowiedzi
Lata Drużyna % Poprawnych
2021-teraz PSG
99%
2017-2018 Real Madryt
93%
2020-2020 Real Madryt
93%
2016-2017 Real Madryt Castilla
93%
2018-2020 Borussia Dortmund
86%
2020-2021 Inter
82%
Nie znaleziono quizów pasujących do podanych kryteriów
Rozkład punktacji
Procent ludzi z każdym wynikiem
Percentyl według liczby udzielonych odpowiedzi
Twoja historia wyników
Nie rozwiązałeś tego quizu